1560 1711 1495 1740 1649 1551 1285 1501 1398 1948 1576 1110 1030 1221 1580 1111 1508 1096 1546 1309 1958 1772 1108 1483 1127 1811 1119 1761 1164 1802 1055 1885 1736 1568 1816 1476 1738 1015 1521 1351 1931 1351 1083 1199 1093 1992 1914 1714 1856 1932 1158 1445 1656 1741 1960 1825 1254 1940 1287 1585 1140 1529 1453 1704 1524 1981 1042 1579 1887 1874 1412 1736 1874 1004 1815 1541 1167 1009 1313 1928 1349 1520 1334 1088 1418 1066 1661 1497 1477 1696 1091 1247 1307 1879 1971 1457 1715 1711 1075 BCNSPRNW ULIB Ver.6.0+V

เปลี่ยนเป็นภาษาไทย

Change to English
 แสดงรายละเอียดบรรณานุกรม
  กลับหน้าหลัก

Brief Record : Get Marc (ISO 2709) : E-mail record : QR code < ปิดหน้าต่าง
LEADER : 00000nam 2200000uu 4500
001    13399114467
003     ULIB
008    120403s||||||||th 000 0 tha d
020    ^a9786161107642
060  0 ^aW84^bข272ค
100 0  ^aขวัญเมือง แก้วดำเกิง
245 00 ^aความฉลาดทางสุขภาพ/^cขวัญเมือง แก้วดำเกิง,นฤมล ตรีเพชรศรีอุไร
250    ^aพิมพ์ครั้งที่ 1
260    ^aกรุงเทพฯ:^bนิวธรรมดาการพิมพ์,^c2554
300    ^a64หน้า:^bภาพประกอบสี
650  7 ^aความฉลาดทางสุขภาพ
700    ^aนฤมล ตรีเพชรศรีอุไร
945    ^p0^l0^i031594
995    ^aทศพร
999 ^a ทศพร
รายการนี้ยังไม่มีแท็ก
คุณยังไม่ได้ล็อกอิน คุณสามารถมีกิจกรรมร่วมกับเว็บไซต์ได้ แต่ต้องล็อกอินก่อน ::
  ล็อกอิน

รายการสื่อสารสนเทศ

ลำดับที่ ประเภท เลขเรียก/บาร์โค้ด สถานที่ สถานะ
1. วิทยาศาสตร์การแพทย์ และสุขภาพ
หนังสือสำรอง
สถานะ=หนังสือสำรอง
W84 ข272ค ฉ.1 
  Barcode: 031594
ห้องสมุดวิทยาเขตสวรรค์ประชารักษ์
►ส่วนจัดเก็บหนังสือเก่า สปร
บนชั้น
  ขอยืม

รายการใกล้เคียง
    ผู้แต่ง [ขวัญเมือง แก้วดำเกิง]

BibComment


ยังไม่เคยถูกคอมเมนท์

คอมเมนท์ทรัพยากรรายการนี้
  คอมเมนท์: ความฉลาดทางสุขภา..


 Copyright 2026. Bcnsprnw @Library